పటం మీద చిత్తూరు జిల్లా మండలాలు - Statistics

General Stats
  • This quiz has been taken 6 times
  • The average score is 3 of 31
Answers on the Map
Answers color-coded by a green-red scale on the quiz's map according to % correct below.
 
Answer Stats
మండలం % Correct
కుప్పం
100%
చిత్తూరు
50%
రామకుప్పం
50%
శాంతిపురం
50%
ఐరాల
0%
కార్వేటినగరం
0%
గంగవరం
0%
గుడిపల్లె
0%
గుడిపాల
0%
గంగాధర నెల్లూరు
0%
చౌడేపల్లె
0%
తవణంపల్లె
0%
నగరి
0%
నిండ్ర
0%
పలమనేరు
0%
పాలసముద్రం
0%
పుంగనూరు
0%
పులిచెర్ల
0%
పూతలపట్టు
0%
పెద్దపంజాణి
0%
పెనుమూరు
0%
బంగారుపాలెం
0%
బైరెడ్డిపల్లె
0%
యాదమరి
0%
రొంపిచర్ల
0%
విజయపురం
0%
వెంకటగిరి కోట
0%
వెదురుకుప్పం
0%
శ్రీరంగరాజపురం
0%
సదుం
0%
సోమల
0%
No matching quizzes found
Score Distribution
Percent of People with Each Score
Percentile by Number Answered
Your Score History
You have not taken this quiz